000 00376nam a2200145Ia 4500
005 20251222141853.0
008 251222s9999||||xx |||||||||||||| ||spa||
020 _a9589045308
082 _a755.550.986/A49
100 _aAlvarez White, Maria Cecilia
245 0 _aChiquinquira Arte y Milagro
250 _a1ra.ed.
264 _bMuseo de Arte Moderno de Bogotá
942 _cLIB
999 _c7791
_d7791